|
|
|
|
| LEADER |
00000cam a2200000 i 4500 |
| 001 |
1/42607 |
| 008 |
950314s1992 pau| ||| |||| ||eng|| |
| 020 |
|
|
|a 0898712998
|
| 035 |
|
|
|a 1995
|c ΠΑΥΛΟΠΟΥΛΟΣ
|l 10041809
|
| 040 |
|
|
|a GR-MyUa
|b gre
|e AACR2
|
| 041 |
0 |
|
|a eng
|
| 082 |
7 |
|
|a 550.15
|2 (22)
|
| 245 |
0 |
0 |
|a Modeling and analysis of diffusive and advective processes in geosciences /
|c edited by W.E. Fitzgibbon and Mary Fanett Wheeler.
|
| 260 |
|
|
|a Philadelphia :
|b Siam,
|c c1992.
|
| 300 |
|
|
|a 233 σ. ;
|c 25 εκ.
|
| 500 |
|
|
|a Περιέχει βιβλιογραφικές παραπομπές.
|
| 650 |
|
0 |
|a Fluid mechanics.
|
| 650 |
|
0 |
|a Porous materials.
|
| 650 |
|
0 |
|a Geophysics.
|
| 650 |
|
0 |
|a Earth sciences.
|
| 700 |
1 |
|
|a Fitzgibbon, W. E.
|q (William Edward),
|d 1945-
|e edt
|
| 700 |
1 |
|
|a Wheeler, Mary F.
|q (Mary Fanett)
|e edtf
|
| 710 |
2 |
|
|a Society for Industrial and Applied Mathematics.
|
| 852 |
|
|
|a INST
|b SAMOS
|e 19950314
|h 550.15 MOD
|p 005300005868
|q 005300005868
|t BK
|y 0
|